00347 2200145 4500245004000000020002200040250001000062100001700072005001900089260004100108041001400149084000900163300002000172336000900192 aKrisis KeuangancBudi HandoyohText a978-979-18988-6-7 acet.1 aBudi Handoyo a20240925145325 aJakartabPenerbit Lintas Mediac2009 aIndonesia aNONE a88 hlm :c20 cm atext